| 000 | 00817cam a22002777a 4500 | ||
|---|---|---|---|
| 003 | CHAP | ||
| 005 | 20220329140445.0 | ||
| 008 | 971013s r 00010 d | ||
| 010 | _a52245 | ||
| 011 | _a53217 | ||
| 035 | _a57367 | ||
| 040 | _cCHAP | ||
| 090 | _aFolleto 228 | ||
| 100 | 0 | 0 |
_aPomerleau, René. _990751 |
| 245 | 1 | 3 | _aLa maladie hollandaise de l'orme |
| 260 |
_aQuébec : _bMInistáere de Terres et Forêst, _c(s.a.) |
||
| 300 |
_a7 p. _b: ilus/ |
||
| 590 |
_aBATCH-UPD _b10 _c20130110 _lUCH01 _h0740 |
||
| 590 |
_aBATCH-UPD _b10 _c20130410 _lUCH01 _h0422 |
||
| 590 |
_aBATCH-UPD _b10 _c20130914 _lUCH01 _h1850 |
||
| 590 |
_aCONVERSION _b10 _c20130109 _lUCH01 _h1328 |
||
| 650 | 1 | 4 |
_aOlivo _xEnfermedades. _983132 |
| 901 | _aBK | ||
| 942 | _cFOLL | ||
| 949 |
_aFolleto 228 _bBC _cFOLL _d-124855 _eTS1 _i57367 _si |
||
| 999 |
_c52245 _d52245 |
||